PSC typist manual / (Record no. 143587)

MARC details
000 -LEADER
fixed length control field 00554nam a22001817a 4500
005 - DATE AND TIME OF LATEST TRANSACTION
control field 20170821113621.0
010 ## - LCCN (DPL NO)
LC control number ENG-119730
020 ## - INTERNATIONAL STANDARD BOOK NUMBER
International Standard Book Number 9788126453535
Terms of availability 350.00
035 ## - SYSTEM CONTROL NUMBER
System control number EN-103262
037 ## - SOURCE OF ACQUISITION
Source of stock number/acquisition DBAD/PUB
082 ## - DEWEY DECIMAL CLASSIFICATION NUMBER
Classification number 000
245 ## - TITLE STATEMENT
Title PSC typist manual /
Statement of responsibility, etc edited by P. Vinod Kumar
260 ## - PUBLICATION, DISTRIBUTION, ETC. (IMPRINT)
Place of publication, distribution, etc Kottayam (Kerala)
Name of publisher, distributor, etc iRank an imprint of Dc Books
Date of publication, distribution, etc 2015
270 ## - ADDRESS
Address iRank an imprint of Dc Books
City Kottayam (Kerala)
Postal code 686001
300 ## - PHYSICAL DESCRIPTION
Extent 671p. :
Dimensions 24cm(pbk)
Other physical details ill.
700 ## - ADDED ENTRY--PERSONAL NAME
Personal name Vinod Kumar, P.
942 ## - ADDED ENTRY ELEMENTS (KOHA)
Source of classification or shelving scheme Dewey Decimal Classification
Item type English Books
Classification part 000
Call number suffix PSC
Holdings
Withdrawn status Lost status Not for loan Collection code Home library Current library Date acquired Source of acquisition Cost, normal purchase price Full call number Barcode Copy number Cost, replacement price Koha item type
    Not For Loan Non-fiction D.B.Act.Division D.B.Act.Division 21/08/2017 DBAD/PUB 350.00 000 PSC EN-103262 1 350.00 English Books

© Delhi Public Library
Hit Counter
free hit counter